[Event "Mittelfranken-chTB2a 1819"]
[Site "Mittelfranken"]
[Date "2019.01.27"]
[Round "4.3"]
[White "Welsch, Andreas"]
[Black "Horneber, Thomas"]
[Result "1/2-1/2"]
[WhiteElo "1722"]
[BlackElo "1883"]
[PlyCount "41"]
[EventDate "2018.10.14"]
[EventType "team-tourn"]
[EventRounds "9"]
[EventCountry "GER"]
[SourceTitle "EXT 2022"]
[Source "ChessBase"]
[SourceDate "2021.10.06"]
[SourceVersion "1"]
[SourceVersionDate "2021.10.06"]
[SourceQuality "1"]
[WhiteTeam "Bubenreuth"]
[BlackTeam "Heilsbronn"]
[WhiteTeamCountry "GER"]
[BlackTeamCountry "GER"]

1. e4 d6 2. d4 Nf6 3. Nc3 e5 4. dxe5 dxe5 5. Qxd8+ Kxd8 6. Bg5 Be6 7. 0-0-0+ Kc8 8. f3 c6 9. g3 Bb4 10. Bd2 Nbd7 11. Bh3 Bxh3 12. Nxh3 h6 13. Nf2 Rd8 14. Nd3 Bd6 15. Rhe1 Nb6 16. b3 Nfd7 17. Re2 f6 18. Be3 Kc7 19. Nb1 Nf8 20. c4 Nbd7 21. Rc2 1/2-1/2

[Event "Mittelfranken-chTB2a 1819"]
[Site "Mittelfranken"]
[Date "2018.11.04"]
[Round "2.3"]
[White "Welsch, Andreas"]
[Black "Kunth, Andreas"]
[Result "1/2-1/2"]
[WhiteElo "1722"]
[BlackElo "1860"]
[PlyCount "83"]
[EventDate "2018.10.14"]
[EventType "team-tourn"]
[EventRounds "9"]
[EventCountry "GER"]
[SourceTitle "EXT 2022"]
[Source "ChessBase"]
[SourceDate "2021.10.06"]
[SourceVersion "1"]
[SourceVersionDate "2021.10.06"]
[SourceQuality "1"]
[WhiteTeam "Bubenreuth"]
[BlackTeam "Dinkelsbuehl"]
[WhiteTeamCountry "GER"]
[BlackTeamCountry "GER"]

1. e4 c5 2. f4 Nc6 3. Nc3 g6 4. Nf3 Bg7 5. Bb5 Nd4 6. 0-0 a6 7. Be2 b5 8. d3 e6 9. Be3 b4 10. Bxd4 cxd4 11. Na4 Qa5 12. b3 Ne7 13. Qe1 d6 14. a3 Nc6 15. Nb2 Qc5 16. Nc4 bxa3 17. Nxa3 0-0 18. Nc4 d5 19. exd5 exd5 20. Na5 Nxa5 21. Qxa5 Qxc2 22. Rfe1 Qxb3 23. Rab1 Qc3 24. Qa2 Qc7 25. Ne5 Bxe5 26. fxe5 Qxe5 27. Bf3 Qg5 28. Bxd5 Ra7 29. Be4 Bf5 30. Qa5 h6 31. Bxf5 Qxf5 32. Qxf5 gxf5 33. Rf1 Re8 34. Rxf5 Re3 35. Rb3 Rc7 36. Ra3 Rc3 37. Rxa6 Rexd3 38. Rxh6 Kg7 39. Rd6 Rc2 40. h3 Rd1+ 41. Kh2 Re2 42. Rf3 1/2-1/2

[Event "Mittelfranken-chTB2a 1819"]
[Site "Mittelfranken"]
[Date "2018.10.14"]
[Round "1.3"]
[White "Welsch, Andreas"]
[Black "Kraus, Sebastian"]
[Result "0-1"]
[WhiteElo "1722"]
[BlackElo "1959"]
[PlyCount "80"]
[EventDate "2018.10.14"]
[EventType "team-tourn"]
[EventRounds "9"]
[EventCountry "GER"]
[SourceTitle "EXT 2022"]
[Source "ChessBase"]
[SourceDate "2021.10.06"]
[SourceVersion "1"]
[SourceVersionDate "2021.10.06"]
[SourceQuality "1"]
[WhiteTeam "Bubenreuth"]
[BlackTeam "Jaecklechemie SC"]
[WhiteTeamCountry "GER"]
[BlackTeamCountry "GER"]

1. e4 e5 2. Nf3 Nc6 3. Bb5 a6 4. Ba4 Nf6 5. 0-0 Be7 6. d3 b5 7. Bb3 d6 8. h3 Na5 9. Be3 0-0 10. Nbd2 Re8 11. c3 Nxb3 12. Nxb3 Bf8 13. a4 Bd7 14. axb5 axb5 15. Qc2 Qe7 16. Bg5 h6 17. Bxf6 Qxf6 18. Nbd2 c5 19. b3 Qg6 20. Kh1 Be7 21. Rfc1 f5 22. Rxa8 Rxa8 23. Qb2 Bf6 24. Ra1 Rd8 25. Ra6 Bc8 26. Rb6 Qe8 27. Rb8 d5 28. exf5 e4 29. Ne1 b4 30. Qa2 bxc3 31. Nb1 Bxf5 32. Rxd8 Qxd8 33. dxe4 Bxe4 34. Nc2 d4 35. f3 Bd5 36. Nba3 Qe8 37. Nc4 Bxc4 38. bxc4 d3 39. Na3 Qe1+ 40. Kh2 Be5+ 0-1

[Event "Mittelfranken-chTB2b 1415"]
[Site "Mittelfranken"]
[Date "2015.02.08"]
[Round "6.4"]
[White "Fiedler, Lars"]
[Black "Welsch, Andreas"]
[Result "1-0"]
[WhiteElo "2012"]
[BlackElo "1735"]
[PlyCount "107"]
[EventDate "2014.09.28"]
[EventType "team-tourn"]
[EventRounds "9"]
[EventCountry "GER"]
[SourceTitle "EXT 2020"]
[Source "ChessBase"]
[SourceDate "2019.10.17"]
[SourceVersion "1"]
[SourceVersionDate "2019.10.17"]
[SourceQuality "1"]
[WhiteTeam "Lauf SV"]
[BlackTeam "Bubenreuth/Moehrendorf"]
[WhiteTeamCountry "GER"]
[BlackTeamCountry "GER"]

1. e4 c5 2. Nc3 Nc6 3. f4 g6 4. Nf3 Bg7 5. Bb5 Nd4 6. 0-0 a6 7. Bc4 e6 8. a4 Ne7 9. Nxd4 Bxd4+ 10. Kh1 0-0 11. d3 d5 12. Bb3 Bg7 13. Qf3 b6 14. Ne2 Bb7 15. c3 b5 16. Be3 c4 17. Bc2 cxd3 18. Bxd3 dxe4 19. Bxe4 Bxe4 20. Qxe4 Qd5 21. Qxd5 Nxd5 22. Bd4 Rfc8 23. axb5 axb5 24. Rxa8 Rxa8 25. g3 Ra2 26. Rb1 Kf8 27. Bxg7+ Kxg7 28. Nd4 Nc7 29. Kg2 Kf6 30. Kf3 e5 31. fxe5+ Kxe5 32. Nc6+ Kd6 33. Nb4 Ra8 34. Rd1+ Ke6 35. Nc6 Ra2 36. Rd2 h5 37. Ke4 f5+ 38. Kf4 Nd5+ 39. Rxd5 Kxd5 40. Nb4+ Kc4 41. Nxa2 Kb3 42. Nc1+ Kxb2 43. Ne2 Kc2 44. Nd4+ Kxc3 45. Nxb5+ Kc4 46. Nd6+ Kd5 47. Nf7 Ke6 48. Ng5+ Kf6 49. h4 Kg7 50. Ke5 Kh6 51. Kf6 f4 52. Nf7+ Kh7 53. gxf4 Kg8 54. Kxg6 1-0

[Event "Mittelfranken-chTB2b 1415"]
[Site "Mittelfranken"]
[Date "2015.01.25"]
[Round "5.4"]
[White "Welsch, Andreas"]
[Black "Schilay, Lorenz"]
[Result "1-0"]
[WhiteElo "1735"]
[BlackElo "1806"]
[PlyCount "37"]
[EventDate "2014.09.28"]
[EventType "team-tourn"]
[EventRounds "9"]
[EventCountry "GER"]
[SourceTitle "EXT 2020"]
[Source "ChessBase"]
[SourceDate "2019.10.17"]
[SourceVersion "1"]
[SourceVersionDate "2019.10.17"]
[SourceQuality "1"]
[WhiteTeam "Bubenreuth/Moehrendorf"]
[BlackTeam "Neumarkt"]
[WhiteTeamCountry "GER"]
[BlackTeamCountry "GER"]

1. e4 e5 2. Nf3 Nc6 3. Bb5 a6 4. Ba4 d6 5. c3 Bg4 6. d3 Qf6 7. Be3 Nge7 8. Nbd2 Ng6 9. h3 Bxf3 10. Nxf3 b5 11. Bb3 Qd8 12. Ng5 Qd7 13. Bxf7+ Ke7 14. Be6 Qe8 15. Bd5 h6 16. Bf7 Qb8 17. Bxg6 Kf6 18. Qf3+ Kxg6 19. Qf7# 1-0

[Event "Mittelfranken-chTB2b 1314"]
[Site "Mittelfranken"]
[Date "2014.01.26"]
[Round "5.8"]
[White "Welsch, Andreas"]
[Black "Fiedler, Lars"]
[Result "0-1"]
[WhiteElo "1735"]
[BlackElo "2012"]
[PlyCount "91"]
[EventDate "2013.10.20"]
[EventType "team-tourn"]
[EventRounds "9"]
[EventCountry "GER"]
[SourceTitle "EXT 2020"]
[Source "ChessBase"]
[SourceDate "2019.10.17"]
[SourceVersion "1"]
[SourceVersionDate "2019.10.17"]
[SourceQuality "1"]
[WhiteTeam "Bubenreuth/Moehrendorf"]
[BlackTeam "Lauf SV"]
[WhiteTeamCountry "GER"]
[BlackTeamCountry "GER"]

1. e4 e5 2. Nf3 Nc6 3. Bb5 Nf6 4. 0-0 Nxe4 5. Re1 Nd6 6. Bxc6 dxc6 7. Nxe5 Be7 8. d4 0-0 9. Nd2 Re8 10. Ndf3 f6 11. Nd3 Bg4 12. h3 Bh5 13. Nf4 Bf7 14. Qd3 Qd7 15. b3 Qf5 16. c3 a5 17. Bd2 g5 18. g4 Qxd3 19. Nxd3 Bf8 20. Nh2 Ne4 21. Nf1 Bg6 22. Nb2 b5 23. f3 Nxd2 24. Nxd2 Ba3 25. Rxe8+ Rxe8 26. Nd1 Re2 27. Nf1 Kf7 28. Ng3 Rc2 29. Ne4 h6 30. Ne3 Bxe4 31. fxe4 Rxc3 32. Kf2 Kg6 33. Ke2 Bd6 34. Kd2 b4 35. Rc1 Rxe3 36. e5 Rc3 37. exd6 cxd6 38. Rxc3 bxc3+ 39. Kxc3 f5 40. gxf5+ Kxf5 41. b4 axb4+ 42. Kxb4 h5 43. a4 Ke6 44. Ka5 g4 45. hxg4 hxg4 46. Kb6 0-1